|
|
|
|
| LEADER |
00000naa2a2200000 4500 |
| 001 |
460685 |
| 005 |
20231101085351.0 |
| 035 |
|
|
|a (RuTPU)RU\TPU\prd\124645
|
| 035 |
|
|
|a RU\TPU\tpu\7789
|
| 090 |
|
|
|a 460685
|
| 100 |
|
|
|a 20111114a1978 k y0rusy50 ca
|
| 101 |
0 |
|
|a rus
|
| 102 |
|
|
|a RU
|
| 200 |
1 |
|
|a Исследование топографии износа резцов
|f М. Ф. Полетика, В. А. Пушных
|
| 461 |
|
|
|0 (RuTPU)RU\TPU\prd\188
|x 0536-1044
|t Известия вузов. Машиностроение
|d 1958-
|
| 463 |
|
|
|0 (RuTPU)RU\TPU\prd\124644
|t № 11
|v С. 130-131
|d 1978
|
| 610 |
1 |
|
|a режущие инструменты
|
| 610 |
1 |
|
|a резцы
|
| 610 |
1 |
|
|a труды учёных ТПУ
|
| 700 |
|
1 |
|a Полетика
|b М. Ф.
|c российский ученый, специалист в области электротехники
|c Почетный профессор Томского политехнического университета
|f 1922-2003
|g Михаил Федорович
|2 stltpush
|3 (RuTPU)RU\TPU\pers\19854
|
| 701 |
|
1 |
|a Пушных
|b В. А.
|c специалист в области менеджмента
|c доцент Томского политехнического университета, кандидат технических наук
|f 1950-
|g Виктор Александрович
|2 stltpush
|3 (RuTPU)RU\TPU\pers\27704
|
| 801 |
|
0 |
|a RU
|b 63413507
|c 20020118
|g PSBO
|
| 801 |
|
2 |
|a RU
|b 63413507
|c 20180216
|g PSBO
|
| 942 |
|
|
|c BK
|